Comparative media law journal (Record no. 105862)

MARC details
000 -LEADER
fixed length control field 00841nam a22002177a 4500
005 - DATE AND TIME OF LATEST TRANSACTION
control field 20151026130005.0
008 - FIXED-LENGTH DATA ELEMENTS--GENERAL INFORMATION
fixed length control field 151026b mx ||||| |||| 00| 0 eng d
050 04 - LIBRARY OF CONGRESS CALL NUMBER
Classification number KGF3015.A15
Item number C66 2004
245 00 - TITLE STATEMENT
Title Comparative media law journal
250 ## - EDITION STATEMENT
Edition statement 1a ed.
260 ## - PUBLICATION, DISTRIBUTION, ETC. (IMPRINT)
Place of publication, distribution, etc México :
Name of publisher, distributor, etc Universidad Nacional Autónoma de México
260 ## - PUBLICATION, DISTRIBUTION, ETC. (IMPRINT)
Name of publisher, distributor, etc Instituto de Investigaciones Jurídicas
260 ## - PUBLICATION, DISTRIBUTION, ETC. (IMPRINT)
Name of publisher, distributor, etc Fundación Konrad Adenauer
260 ## - PUBLICATION, DISTRIBUTION, ETC. (IMPRINT)
Name of publisher, distributor, etc Comisión Estatal para el Acceso a la Información Pública del Estado de Sinaloa,
Date of publication, distribution, etc 2004
300 ## - PHYSICAL DESCRIPTION
Extent 162 p. ;
Dimensions 21 cm.
500 ## - GENERAL NOTE
General note Revista número 3 Enero-Junio 2004
650 #7 - SUBJECT ADDED ENTRY--TOPICAL TERM
Source of heading or term LEMB
Topical term or geographic name as entry element Libertad de prensa
Form subdivision Publicaciones periódicas
650 #7 - SUBJECT ADDED ENTRY--TOPICAL TERM
Source of heading or term LEMB
Topical term or geographic name as entry element Libertad de expresión
Form subdivision Publicaciones periódicas
650 #7 - SUBJECT ADDED ENTRY--TOPICAL TERM
Source of heading or term LEMB
Topical term or geographic name as entry element Derecho a la privacidad
Form subdivision Publicaciones periódicas
942 ## - ADDED ENTRY ELEMENTS (KOHA)
Source of classification or shelving scheme Biblioteca del Cogreso de los Estados Unidos
Koha item type Revista
Holdings
Estado de pérdida Fuente de clasificación Estado del daño No para préstamo Ubicación permanente Ubicación actual Apartado o colección Fecha de adquisición Edición Dependencia de educación superior (DES) Área del conocimiento Clasificación Código de Barras Date last seen Número de copia Tipo de recurso
  Biblioteca del Cogreso de los Estados Unidos     Biblioteca del Posgrado en Derecho Biblioteca del Posgrado en Derecho Colección Ernesto Villanueva 26/10/2015 1a ed. Derecho Ciencias Sociales y Administrativas KGF3015.A15 C66 2004 BPD000002946 26/10/2015 1 Revista